[Event "Titled Tuesday intern op 10th Nov"]
[Site "Chess.com INT"]
[Date "2020.11.10"]
[Round "5"]
[White "Rychkov, Oleg"]
[Black "Hosseinzadeh, Nima"]
[Result "1-0"]
[WhiteElo "2410"]
[BlackElo "2217"]
[PlyCount "117"]
[EventDate "2020.11.10"]
[EventType "swiss (blitz)"]
[EventRounds "11"]
[EventCountry "USA"]
[SourceTitle "CBM 199 Extra"]
[Source "ChessBase"]
[SourceDate "2021.01.31"]
[SourceVersion "1"]
[SourceVersionDate "2021.01.31"]
[SourceQuality "1"]

1. e4 e5 2. Nf3 Nc6 3. d4 exd4 4. Nxd4 Nf6 5. Nc3 Bb4 6. Nxc6 bxc6 7. Bd3 0-0 8. 0-0 d5 9. exd5 cxd5 10. Bg5 c6 11. Na4 h6 12. Bh4 Bd6 13. c4 Be6 14. cxd5 Bxd5 15. Nc3 Be6 16. Bg3 Bxg3 17. hxg3 Rb8 18. b3 c5 19. Rc1 Qa5 20. Na4 Rbc8 21. Bc4 Rfd8 22. Qe2 Bd7 23. Qe7 Bxa4 24. Qxf7+ Kh8 25. bxa4 Qxa4 26. Rfe1 Rd7 27. Qg6 Rcd8 28. Bb3 Qa5 29. Re5 Rc7 30. Re6 Qd2 31. Rd1 Qxd1+ 32. Bxd1 Rxd1+ 33. Kh2 c4 34. Rxf6 gxf6 35. Qxf6+ Rg7 36. Qf8+ Kh7 37. Qf5+ Rg6 38. Qf7+ Rg7 39. Qxc4 Rd2 40. f3 Re7 41. g4 Ree2 42. Qf7+ Kh8 43. Qxa7 Rxg2+ 44. Kh3 Rxa2 45. Qb8+ Kh7 46. Qc7+ Kh8 47. Qd8+ Kg7 48. Qe7+ Kh8 49. Kh4 Rge2 50. Qf8+ Kh7 51. Qf7+ Kh8 52. Qf6+ Kh7 53. Qf5+ Kg7 54. Qd7+ Kh8 55. Kh5 Rh2+ 56. Kg6 Ra6+ 57. Kf7 Rha2 58. Qd4+ Kh7 59. Qg7# 1-0

[Event "Titled Tuesday intern op 03rd Nov"]
[Site "Chess.com INT"]
[Date "2020.11.03"]
[Round "8"]
[White "Rychkov, Oleg"]
[Black "Xiong, Jeffery"]
[Result "0-1"]
[WhiteElo "2407"]
[BlackElo "2709"]
[PlyCount "72"]
[EventDate "2020.11.03"]
[EventType "swiss (blitz)"]
[EventRounds "11"]
[EventCountry "USA"]
[SourceTitle "CBM 199 Extra"]
[Source "ChessBase"]
[SourceDate "2021.01.31"]
[SourceVersion "1"]
[SourceVersionDate "2021.01.31"]
[SourceQuality "1"]

1. e4 c5 2. Nf3 d6 3. Bb5+ Nd7 4. c4 Ngf6 5. Nc3 a6 6. Bxd7+ Bxd7 7. d4 cxd4 8. Qxd4 g6 9. b3 Bg7 10. Bb2 0-0 11. 0-0 b5 12. cxb5 axb5 13. Nd5 Bc6 14. Qd3 Nxd5 15. Bxg7 Nf4 16. Qc2 Kxg7 17. Qxc6 Qa5 18. a4 Rfc8 19. Qxb5 Qxb5 20. axb5 Ne2+ 21. Kh1 Rxa1 22. Rxa1 Rb8 23. Nd2 Rxb5 24. g3 Nd4 25. Rb1 Rb4 26. Kg2 f5 27. exf5 gxf5 28. f4 Kf6 29. Kf2 e5 30. Ke3 e4 31. Nc4 Nb5 32. Kd2 d5 33. Nb6 Ke6 34. Na4 Kd6 35. Kc2 Na3+ 36. Kc3 Rxa4 0-1

[Event "Titled Tuesday intern op 27th Oct"]
[Site "Chess.com INT"]
[Date "2020.10.27"]
[Round "10"]
[White "Kamsky, Gata"]
[Black "Rychkov, Oleg"]
[Result "1-0"]
[WhiteElo "2672"]
[BlackElo "2407"]
[PlyCount "73"]
[EventDate "2020.10.27"]
[EventType "swiss (blitz)"]
[EventRounds "11"]
[EventCountry "USA"]
[SourceTitle "CBM 199 Extra"]
[Source "ChessBase"]
[SourceDate "2021.01.31"]
[SourceVersion "1"]
[SourceVersionDate "2021.01.31"]
[SourceQuality "1"]

1. d4 e6 2. Nf3 d5 3. Bf4 c5 4. e3 Nc6 5. c3 Bd6 6. Bg3 Nf6 7. Nbd2 Qe7 8. Ne5 Bxe5 9. dxe5 Nd7 10. Bb5 0-0 11. Bxc6 bxc6 12. c4 Rb8 13. b3 a5 14. 0-0 Ba6 15. Qc2 Rb4 16. e4 d4 17. Nf3 Rfb8 18. Rfd1 a4 19. Rd3 Qd8 20. Nd2 Qa5 21. Qd1 Bb7 22. h4 Ra8 23. Rc1 axb3 24. axb3 Qa2 25. h5 h6 26. Bf4 Kf8 27. Rg3 Qb2 28. Rb1 Qa2 29. Qg4 Ke8 30. Qxg7 Kd8 31. Qxf7 Kc7 32. Rg7 Bc8 33. Qxe6 Kb6 34. Qd6 Ka6 35. e6 Nb6 36. Qxc5 Qa5 37. Qxa5+ 1-0

[Event "Titled Tuesday intern op 27th Oct"]
[Site "Chess.com INT"]
[Date "2020.10.27"]
[Round "7"]
[White "Polok, Kacper"]
[Black "Rychkov, Oleg"]
[Result "0-1"]
[WhiteElo "2271"]
[BlackElo "2407"]
[PlyCount "46"]
[EventDate "2020.10.27"]
[EventType "swiss (blitz)"]
[EventRounds "11"]
[EventCountry "USA"]
[SourceTitle "CBM 199 Extra"]
[Source "ChessBase"]
[SourceDate "2021.01.31"]
[SourceVersion "1"]
[SourceVersionDate "2021.01.31"]
[SourceQuality "1"]

1. e4 c5 2. Nc3 e6 3. g3 Nc6 4. Bg2 g6 5. d3 Bg7 6. Nf3 Nge7 7. 0-0 0-0 8. Be3 d6 9. Qd2 Nd4 10. Nh4 Rb8 11. Rab1 Nec6 12. Ne2 Nxe2+ 13. Qxe2 b5 14. f4 Nd4 15. Qd2 Bb7 16. c3 Nc6 17. f5 Ne5 18. Bh6 exf5 19. exf5 Bxg2 20. Kxg2 f6 21. fxg6 hxg6 22. d4 Nc4 23. Qe3 Nxe3+ 0-1

[Event "Titled Tuesday intern op 27th Oct"]
[Site "Chess.com INT"]
[Date "2020.10.27"]
[Round "11"]
[White "Rychkov, Oleg"]
[Black "Nesterov, Arseniy"]
[Result "1-0"]
[WhiteElo "2407"]
[BlackElo "2510"]
[PlyCount "111"]
[EventDate "2020.10.27"]
[EventType "swiss (blitz)"]
[EventRounds "11"]
[EventCountry "USA"]
[SourceTitle "CBM 199 Extra"]
[Source "ChessBase"]
[SourceDate "2021.01.31"]
[SourceVersion "1"]
[SourceVersionDate "2021.01.31"]
[SourceQuality "1"]

1. Nf3 d5 2. e3 Nf6 3. c4 c6 4. b3 e6 5. Bb2 Bd6 6. d4 0-0 7. Bd3 Nbd7 8. 0-0 b6 9. Nbd2 Bb7 10. Qc2 Qe7 11. e4 dxe4 12. Nxe4 Nxe4 13. Bxe4 f5 14. Bd3 c5 15. d5 exd5 16. Bxf5 d4 17. Rfe1 Qd8 18. Bxh7+ Kh8 19. Be4 Bxe4 20. Rxe4 Rxf3 21. gxf3 Ne5 22. Kh1 Qf6 23. Qe2 Rf8 24. f4 Ng6 25. Qh5+ Kg8 26. f5 Qxf5 27. Qxf5 Rxf5 28. Re6 Nh4 29. Rxd6 Rxf2 30. Rd8+ Kh7 31. Bxd4 cxd4 32. Kg1 Rd2 33. Rf1 d3 34. Rf4 g5 35. Rf6 Kg7 36. Rf2 Rd1+ 37. Rf1 Rd2 38. Rd6 g4 39. Rf4 Nf3+ 40. Kf1 Nxh2+ 41. Ke1 Rxa2 42. Rxd3 Nf3+ 43. Kd1 Ra1+ 44. Ke2 Ra2+ 45. Ke3 Ne5 46. Rd5 Nc6 47. Rxg4+ Kf6 48. Rf4+ Ke6 49. Re4+ Kf7 50. Rd7+ Kf8 51. Rh4 Kg8 52. Rhh7 Rb2 53. Rdg7+ Kf8 54. Rc7 Rxb3+ 55. Kd2 Kg8 56. Rhd7 1-0